000 00633nab a2200193 4500
001 244442
003 OSt
005 20250310090924.0
007 tu
008 200917s2020|||||||
040 _aDE-2950
_cDE-2950
245 0 0 _aAnsturm auf Heidi Reichinnek
_bPolitik. Als einzige Spitzenkandidatin der großen Parteien besuchte die Bundestagsabgeordnete der Linken kurz vor der Wahl Frankfurt/
_cLeonard Palm
264 _c2024
653 _aFrankfurt (Oder)
653 _aBundestagswahl
653 _aHeidi Reichinnek
773 0 _g36. Jahrgang (2025) Nr. 42 vom 19.02.2025, S. 16 mit Foto
_tMärkische Oderzeitung
942 _2z
_cA
999 _c373626
_d373626